Nennen Sie die 26 größten Städte in Israel – israelische Städte - Statistiken

Allgemein
  • Dieses Quiz wurde 68 mal gespielt
  • Das Durchschnittsergebnis liegt bei 7 aus 26
Antwortstatistiken
Antwort % Korrekt
Jerusalem
100%
Tel Aviv
94%
Haifa
85%
Nazareth
51%
Aschdod
40%
Aschkelon
36%
Be’er Scheva
36%
Netanja
34%
Rischon LeZion
28%
Cholon
21%
Herzlia
17%
Petach Tikwa
15%
Ramat Gan
13%
Rechovot
13%
Bat Jam
11%
Lod
11%
Bnei Berak
9%
Chadera
9%
Modi’in
9%
Ra’anana
9%
Kfar Saba
4%
Modi’in Illit⁠
4%
Ramla
4%
Bet Schemesch
2%
Rahat
2%
Rosch haAjin
2%
Keine übereinstimmenden Quizze gefunden
Verteilung der Resultate
Anzahl Personen mit jedem Resultat
Perzentil nach korrekt beantworteten Fragen
Ihre Resultats-Entwicklung
Sie haben dieses Quiz noch nicht gespielt